| 000 | 01120nam a2200289 a 4500 | ||
|---|---|---|---|
| 001 | 000024710 | ||
| 005 | 20200930023325.0 | ||
| 008 | 110202s1968 sp ab r 000 0 spa d | ||
| 040 |
_aDO-SdBNP _bspa _cBNPHU |
||
| 082 |
_axxxxx _bM296C |
||
| 100 | 1 |
_aJerome, Ch´ên _950689 |
|
| 245 | 1 | 0 |
_aMao y la revolución china : _by treinta y siete poemas de Mao Tse-Tung / _cJerome Ch´ên ; traducción Isidro Molas , Luis Avilés. |
| 250 | _a2a ed. | ||
| 260 |
_aEspaña : _bOikos-tau, _c1968. |
||
| 300 |
_a460 p. : _bil., mapas. ; _c21.5 cm. |
||
| 490 | 1 |
_aLibros Tau _v12 |
|
| 500 | _aIncluye cronología p. [415-432]. | ||
| 500 | _aIncluye bibliografía p. [433-452]. | ||
| 500 | _aIncluye índice alfabético. | ||
| 500 | _aIncluye referencia biográfica del autor en la solapa de la cubierta. | ||
| 504 | _aIncluye referencias bibliográficas y notas al pie de las páginas. | ||
| 534 |
_pTítulo original : _tMao and the chinese revolution _cOxford University Press, 1965 |
||
| 700 | 1 |
_aMolas,Isidro, _etr. _950690 |
|
| 700 | 1 |
_aAvilés, Luis, _etr. _950691 |
|
| 830 | 0 |
_aLibros Tau _n12 _950692 |
|
| 049 | _aBNGR | ||
| 999 |
_c24203 _d24203 |
||